Madder music /

Bibliographic Details
Main Author: De Vries, Peter, 1910-1993
Format: Book
Language:English
Published: Boston : Little, Brown, [1977]
Edition:1st ed.

MARC

Tag First Indicator Second Indicator Subfields
LEADER 00000cam a22000008i 4500
001 in00000354792
005 20161208101803.0
008 770520s1977 mau 00011 eng
010 |a  77009355  
020 |a 0316181900 
035 |a (OCoLC)03034585 
035 |9 ABN5686AM 
040 |a DLC  |c DLC  |d TXA  |d UtOrBLW 
049 |a TXAM  |c [1535385] 
050 0 0 |a PZ3.D4998  |b Mad  |a PS3507.E8673 
051 |a PS3507.E8673  |b M3  |c Copy 2. 
090 |a PS3507.E8673  |b M33 1977 
100 1 |a De Vries, Peter,  |d 1910-1993. 
245 1 0 |a Madder music /  |c Peter De Vries. 
250 |a 1st ed. 
264 1 |a Boston :  |b Little, Brown,  |c [1977] 
264 4 |c ©1977 
300 |a 221 pages ;  |c 22 cm. 
336 |a text  |b txt  |2 rdacontent 
337 |a unmediated  |b n  |2 rdamedia 
338 |a volume  |b nc  |2 rdacarrier 
999 |a MARS 
999 f f |s cd722ff4-ad79-3ba6-8ca5-31aa1ce9cc2a  |i 920b3802-4a29-39ad-b488-dfeecf1edbbe  |t 0 
952 f f |p ric  |a Texas A&M University  |b Rellis Campus  |c Joint Library Facility  |d Remote Storage  |t 0  |e PS3507.E8673 M33 1977  |h Library of Congress classification  |i unmediated -- volume  |m A14804220049 
998 f f |a PS3507.E8673 M33 1977  |t 0  |l Remote Storage